000 00700nam a2200229 a 4500
001 BRCA_6151
005 20190320205342.0
008 050711s1933----u--a######---#000-0#eng-#
041 _aeng
044 _au
050 4 _aPN6161
_b.A54
_c1933
245 1 0 _aAmerican humorist
260 _aEmaus, Pensilvania
_bRodale
_c1933
300 _av. 6
_bil.
_c19 cm.
500 _av.6: No.31 (Feb.1936)
500 _aInicio de la publicación: 1933. Revista inventariada por el Banco de México como libro.
500 _aRevista inventariada por el Banco de México como libro
500 _aI40
650 1 4 _aHumorismo estadounidense
_vPublicación periódica
_915508
902 _aGFM
942 _2lcc
_cB
999 _c5838
_d5838